Sekrety Krzyżaków /

Metody i sposoby walki Krzyżaków, które wraz ze sprawną gospodarką, dobrym zarządzaniem doprowadziły do ich potęgi.

Saved in:
Bibliographic Details
Main Author: Leśniowski, Henryk (1937-2019)
Other Authors: Nowakowski, Andrzej (1939-2017)
Format: Book
Language:Polish
Published: Poznań : CIA-Books-Svaro, 1992.
Series:Multis Multum
Subjects:
Tags: Add Tag
No Tags, Be the first to tag this record!

MARC

LEADER 00000nam a2200000 i 4500
001 9910344014905606
005 20260515140226.0
008 060606s1992 pl a |000 0 pol
020 |a 8385100695 
035 |a 991030103049705066 
035 |a (PL-WaBN)b18120040-48omnis_nlop 
035 |a b18120040 
035 |a (OCoLC)836260208 
035 |a (PL)b0000001812004 
040 |a WA N  |c WA N  |d WA N 
041 0 |a pol 
080 |a 94(430):271]"13/14" 
090 |c 61  |d 60 
100 1 |a Leśniowski, Henryk  |d (1937-2019) 
245 1 0 |a Sekrety Krzyżaków /  |c Henryk Leśniowski, Andrzej Nowakowski. 
260 |a Poznań :  |b CIA-Books-Svaro,  |c 1992. 
300 |a 152, [1] s. :  |b il. ;  |c 20 cm. 
490 1 |a Multis Multum 
504 |a Bibliogr. s. [153]. 
520 |a Metody i sposoby walki Krzyżaków, które wraz ze sprawną gospodarką, dobrym zarządzaniem doprowadziły do ich potęgi. 
610 2 7 |a Krzyżacy 
610 2 0 |a Teutonic Knights  |x History. 
650 4 |a Historia 
650 4 |a Krzyżacy. Zakon Krzyżacki. Państwo Krzyżackie 
651 0 |a Prussia, East (Poland and Russia)  |x History 
700 1 |a Nowakowski, Andrzej  |d (1939-2017) 
830 0 |a Multis Multum 
920 |a 83-85100-69-5 : zł 27000 
942 |c K 
952 |0 0  |1 0  |4 0  |6 R__39_000000000000000  |7 0  |9 59  |a RYT  |b RYT  |d 2026-03-17  |e 1/2026  |g 10.00  |l 0  |o R.39  |p 2000000000398  |r 2026-05-15 14:02:26  |w 2026-05-15  |y BK  |z da 
999 |c 59  |d 59